Doing research in the real world / (Record no. 30307)

MARC details
000 -LEADER
fixed length control field 03523cam a2200409 i 4500
001 - CONTROL NUMBER
control field 21987044
003 - CONTROL NUMBER IDENTIFIER
control field EG-ScBUE
005 - DATE AND TIME OF LATEST TRANSACTION
control field 20230509094120.0
008 - FIXED-LENGTH DATA ELEMENTS--GENERAL INFORMATION
fixed length control field 210409t2022 enka f b 001 0 eng d
020 ## - INTERNATIONAL STANDARD BOOK NUMBER
International Standard Book Number 9781529742442
035 ## - SYSTEM CONTROL NUMBER
System control number (OCoLC)on1280521941
040 ## - CATALOGING SOURCE
Original cataloging agency LDS
Language of cataloging eng
Description conventions rda
Transcribing agency LDS
Modifying agency UKMGB
-- YDXIT
-- OCLCF
-- FIE
-- YDX
-- RDF
-- OCLCO
-- OCLCQ
-- BO@
-- OCL
-- YDX
-- Y@Y
-- DLC
-- EG-ScBUE
082 04 - DEWEY DECIMAL CLASSIFICATION NUMBER
Classification number 300.72
Edition number 22
Item number GRA
100 1# - MAIN ENTRY--PERSONAL NAME
Personal name Gray, David E.
Fuller form of name (David Edward),
Dates associated with a name 1952-
Relator term author.
245 10 - TITLE STATEMENT
Title Doing research in the real world /
Statement of responsibility, etc David E Gray.
250 ## - EDITION STATEMENT
Edition statement Fifth edition.
264 #1 - PUBLICATION, DISTRIBUTION, ETC. (IMPRINT)
Place of publication, distribution, etc London ;
-- Thousand Oaks :
Name of publisher, distributor, etc SAGE,
Date of publication, distribution, etc [2022]
264 #4 - PUBLICATION, DISTRIBUTION, ETC. (IMPRINT)
Date of publication, distribution, etc c2022
300 ## - PHYSICAL DESCRIPTION
Extent ix, 883 pages :
Other physical details color illustrations ;
Dimensions 25 cm
336 ## - CONTENT TYPE
Content type term text
Content type code txt
Source rdacontent
336 ## - CONTENT TYPE
Content type term still image
Content type code sti
Source rdacontent
337 ## - MEDIA TYPE
Media type term unmediated
Media type code n
Source rdamedia
338 ## - CARRIER TYPE
Carrier type term volume
Carrier type code nc
Source rdacarrier
500 ## - GENERAL NOTE
General note Previous edition 2018.
504 ## - BIBLIOGRAPHY, ETC. NOTE
Bibliography, etc Includes bibliographical references and index.
505 0# - FORMATTED CONTENTS NOTE
Formatted contents note Principles and planning for research -- Theoretical perspectives and research methodologies -- Selecting and planning research proposals and projects -- Research ethics -- Searching, critically reviewing and using the literature -- Research methodology -- Research design: quantitative methods -- Research design: qualitative methods -- Research design: mixed methods -- Sampling strategies -- Designing descriptive and analytical surveys -- Designing case studies -- Designing evaluations -- Action research and change -- Data collection methods -- Questionnaires and surveys -- Interviewing -- Non-participant observation -- Ethnography and participant observation -- Focus groups -- Unobtrusive measures -- Visual research methods -- Digital research methods -- Secondary data and research -- Analysis and report writing -- Data management -- Getting started using SPSS -- Analysing and presenting quantitative data -- Getting started using NVivo -- Analysing and presenting qualitative data -- Writing up the research -- Preparing for presentations and Vivas.
520 ## - SUMMARY, ETC.
Summary, etc From first planning to writing up your research, this complete guide will help you push your project forward. Walking you through every step you need to take, it helps you build your knowledge of theory and methods and offers straightforward guidance to empower you to make good research decisions and learn best practice. This fifth edition: Draws on over 70 case studies of research in action to demonstrate potential pitfalls - and how to avoid them. Adds a new chapter on data management, providing how-to guidance on storing your research data. Provides more than 150 activities to help you develop your understanding of key concepts and advance your research methods knowledge. Illustrates how research methods skills transfer to the workplace, helping you boost your employability. Accompanied by online resources including videos, case studies and further reading that bring methods to life, this accessible book is still the definitive research companion for any student doing a research project. --
Assigning source Provided by publisher.
650 #7 - SUBJECT ADDED ENTRY--TOPICAL TERM
Topical term or geographic name as entry element Social sciences
General subdivision Research
-- Methodology.
Source of heading or term BUEsh
650 #7 - SUBJECT ADDED ENTRY--TOPICAL TERM
Topical term or geographic name as entry element Social sciences
General subdivision Research.
Source of heading or term BUEsh
650 #7 - SUBJECT ADDED ENTRY--TOPICAL TERM
Topical term or geographic name as entry element Research.
Source of heading or term BUEsh
653 ## - INDEX TERM--UNCONTROLLED
Resource For college Arts and Design
Arrived date list May2023
655 ## - INDEX TERM--GENRE/FORM
Form subdivision Reading book
906 ## - LOCAL DATA ELEMENT F, LDF (RLIN)
a 7
b cbc
c copycat
d 2
e ncip
f 20
g y-gencatlg
942 ## - ADDED ENTRY ELEMENTS (KOHA)
Source of classification or shelving scheme Dewey Decimal Classification
Koha item type Book - Borrowing
Holdings
Withdrawn status Lost status Source of classification or shelving scheme Damaged status Not for loan Collection code Home library Current library Shelving location Date acquired Source of acquisition Cost, normal purchase price Serial Enumeration / chronology Total Checkouts Full call number Barcode Date last seen Cost, replacement price Price effective from Koha item type
    Dewey Decimal Classification     Baccah Central Library Central Library First floor 09/05/2023 Purchase 1289.00 37380   300.72 GRA 000044961 15/07/2025 1611.25 09/05/2023 Book - Borrowing